Faculty of Law Library — Cairo University

Official Online Catalog

O. Hood Phillips' Constitutional and administrative law / (Record no. 47452)

MARC details
000 -LEADER
fixed length control field 01357cac a2200373 i 4500
003 - CONTROL NUMBER IDENTIFIER
control field EG-GICUC
005 - DATE AND TIME OF LATEST TRANSACTION
control field 20260121101407.0
008 - FIXED-LENGTH DATA ELEMENTS--GENERAL INFORMATION
fixed length control field 790910s1987 enk frb 001 0 eng d
020 ## - INTERNATIONAL STANDARD BOOK NUMBER
International Standard Book Number 04212391308
Terms of availability £7.00
040 ## - CATALOGING SOURCE
Original cataloging agency DLC
Transcribing agency DLC
Modifying agency DLC
-- EG-GICUC
Language of cataloging eng
Description conventions rda
043 ## - GEOGRAPHIC AREA CODE
Geographic area code b------
-- e-uk---
082 00 - DEWEY DECIMAL CLASSIFICATION NUMBER
Classification number 342.042
Edition number 21
092 04 - LOCALLY ASSIGNED DEWEY CALL NUMBER (OCLC)
Edition number 21
099 ## - LOCAL FREE-TEXT CALL NUMBER (OCLC)
Classification number Law 08 1987
100 1# - MAIN ENTRY--PERSONAL NAME
Personal name Phillips, Owen Hood.
240 10 - UNIFORM TITLE
Uniform title Constitutional and administrative law
245 10 - TITLE STATEMENT
Title O. Hood Phillips' Constitutional and administrative law /
Statement of responsibility, etc. by O. Hood Phillips and Paul Jackson.
250 ## - EDITION STATEMENT
Edition statement 7th. ed.ition /
264 ## - PRODUCTION, PUBLICATION, DISTRIBUTION, MANUFACTURE, AND COPYRIGHT NOTICE
Place of production, publication, distribution, manufacture London :
Name of producer, publisher, distributor, manufacturer Sweet & Maxwell,
Date of production, publication, distribution, manufacture, or copyright notice 1987.
300 ## - PHYSICAL DESCRIPTION
Extent lxxvi, 808 page ;
Dimensions 23 cm.
336 ## - CONTENT TYPE
Content type term text
Content type code txt
Source rdacontent
337 ## - MEDIA TYPE
Media type term unmediated
Media type code n
Source rdamedia
338 ## - CARRIER TYPE
Carrier type term volume
Carrier type code nc
Source rdacarrier
500 ## - GENERAL NOTE
General note First and 2d ed. published under title: The constitutional law of Great Britain and the Commonwealth.
504 ## - BIBLIOGRAPHY, ETC. NOTE
Bibliography, etc. note Includes bibliographical references and indexes.
650 #0 - SUBJECT ADDED ENTRY--TOPICAL TERM
Topical term or geographic name entry element Constitutional law
Geographic subdivision Great Britain.
650 #0 - SUBJECT ADDED ENTRY--TOPICAL TERM
Topical term or geographic name entry element Administrative law
Geographic subdivision Great Britain.
650 #0 - SUBJECT ADDED ENTRY--TOPICAL TERM
Topical term or geographic name entry element Constitutional law
Geographic subdivision Commonwealth countries.
700 1# - ADDED ENTRY--PERSONAL NAME
Personal name Jackson, Paul,
Titles and other words associated with a name LL.B.
740 ## - ADDED ENTRY--UNCONTROLLED RELATED/ANALYTICAL TITLE
Uncontrolled related/analytical title Constitutional and administrative law.
856 40 - ELECTRONIC LOCATION AND ACCESS
Uniform Resource Identifier <a href="https://fll.law.cu.edu.eg/fulltext/bks/ENGB08-00051.pdf">https://fll.law.cu.edu.eg/fulltext/bks/ENGB08-00051.pdf</a>
905 ## - Cataloger and Reviser Names
Cataloger Name: Hend El khosy
942 ## - ADDED ENTRY ELEMENTS (KOHA)
Source of classification or shelving scheme Dewey Decimal Classification
Koha item type Books
Edition 21
Suppress in OPAC No
Holdings
Withdrawn status Lost status Source of classification or shelving scheme Damaged status Not for loan Collection Home library Current library Date acquired Total checkouts Full call number Barcode Date last seen Copy number Price effective from Koha item type Public note
    Dewey Decimal Classification     القانون الدستوري جــــامعة القــاهرة مكتبة كلية الحقوق - المبنى الرئيسي 30.11.2025   Law1 08 342.042 PH . C 7 ed - 1987 0800053 C3 ENGB08-00053 30.11.2025 3 30.11.2025 Books 1351
    Dewey Decimal Classification     القانون الدستوري جــــامعة القــاهرة مكتبة كلية الحقوق - المبنى الرئيسي 30.11.2025   Law1 08 342.042 PH . C 7 ed - 1987 0800054 C4 ENGB08-00054 30.11.2025 4 30.11.2025 Books 2008
    Dewey Decimal Classification     القانون الدستوري جــــامعة القــاهرة مكتبة كلية الحقوق - فـرع الشيخ زايد 30.11.2025   Law2 08 342.042 PH . C 7 ed - 1987 0800051 C1 ENGB08-00051 30.11.2025 1 30.11.2025 Books 121
    Dewey Decimal Classification     القانون الدستوري جــــامعة القــاهرة مكتبة كلية الحقوق - فـرع الشيخ زايد 30.11.2025   Law2 08 342.042 PH . C 7 ed - 1987 0800052 C2 ENGB08-00052 30.11.2025 2 30.11.2025 Books 1350

© All rights reserved — Faculty of Law, Cairo University